| 000 | 00504nam a2200205Ia 4500 | ||
|---|---|---|---|
| 008 | 130729s9999 xx 000 0 und d | ||
| 020 | _a198505906 | ||
| 072 | _aCondensed Matter(States Of Matter) | ||
| 082 | _a530.4 | ||
| 082 | _bJ731 | ||
| 100 |
_aJones,Richard A.L. _9757 |
||
| 245 | _aSoft Condensed Matter | ||
| 245 | _cJones,Richard A.L. | ||
| 260 | _aNew York | ||
| 260 | _bOxford | ||
| 260 | _c2003 | ||
| 300 | _a177 | ||
| 300 | _fIllustration,index,reference & tables | ||
| 942 | _cBK | ||
| 999 |
_c6551 _d6551 |
||